|
|
|
|
| LEADER |
01971nam a22005055i 4500 |
| 001 |
978-3-540-26671-6 |
| 003 |
DE-He213 |
| 005 |
20151204155957.0 |
| 007 |
cr nn 008mamaa |
| 008 |
100301s2005 gw | s |||| 0|eng d |
| 020 |
|
|
|a 9783540266716
|9 978-3-540-26671-6
|
| 024 |
7 |
|
|a 10.1007/b137902
|2 doi
|
| 040 |
|
|
|d GrThAP
|
| 050 |
|
4 |
|a GE300-350
|
| 072 |
|
7 |
|a RNF
|2 bicssc
|
| 072 |
|
7 |
|a TEC010000
|2 bisacsh
|
| 082 |
0 |
4 |
|a 333.7
|2 23
|
| 100 |
1 |
|
|a Scholten, Martin C. Th.
|e author.
|
| 245 |
1 |
0 |
|a Eutrophication Management and Ecotoxicology
|h [electronic resource] /
|c by Martin C. Th. Scholten, Edwin M. Foekema, Henno P. Van Dokkum, Nicolaas H.B.M. Kaag, Robbert G. Jak.
|
| 264 |
|
1 |
|a Berlin, Heidelberg :
|b Springer Berlin Heidelberg,
|c 2005.
|
| 300 |
|
|
|a V, 122 p.
|b online resource.
|
| 336 |
|
|
|a text
|b txt
|2 rdacontent
|
| 337 |
|
|
|a computer
|b c
|2 rdamedia
|
| 338 |
|
|
|a online resource
|b cr
|2 rdacarrier
|
| 347 |
|
|
|a text file
|b PDF
|2 rda
|
| 490 |
1 |
|
|a Environmental Science,
|x 1431-6250
|
| 505 |
0 |
|
|a Eutrophication and the Ecosystem -- Daphnid Grazing Ecology -- Toxic Reduction of Daphnid Grazing Effectiveness -- Field Observations of Daphnid Grazing -- New Perspectives for Eutrophication Management.
|
| 650 |
|
0 |
|a Environment.
|
| 650 |
|
0 |
|a Environmental management.
|
| 650 |
|
0 |
|a Geoecology.
|
| 650 |
|
0 |
|a Environmental geology.
|
| 650 |
1 |
4 |
|a Environment.
|
| 650 |
2 |
4 |
|a Environmental Management.
|
| 650 |
2 |
4 |
|a Geoecology/Natural Processes.
|
| 700 |
1 |
|
|a Foekema, Edwin M.
|e author.
|
| 700 |
1 |
|
|a Dokkum, Henno P. Van.
|e author.
|
| 700 |
1 |
|
|a Kaag, Nicolaas H.B.M.
|e author.
|
| 700 |
1 |
|
|a Jak, Robbert G.
|e author.
|
| 710 |
2 |
|
|a SpringerLink (Online service)
|
| 773 |
0 |
|
|t Springer eBooks
|
| 776 |
0 |
8 |
|i Printed edition:
|z 9783540222101
|
| 830 |
|
0 |
|a Environmental Science,
|x 1431-6250
|
| 856 |
4 |
0 |
|u http://dx.doi.org/10.1007/b137902
|z Full Text via HEAL-Link
|
| 912 |
|
|
|a ZDB-2-EES
|
| 950 |
|
|
|a Earth and Environmental Science (Springer-11646)
|